| 000 | 00531nam a2200205 a 4500 | ||
|---|---|---|---|
| 001 | 3285 | ||
| 003 | CDMR | ||
| 005 | 20151026134202.0 | ||
| 008 | 130130s1985||||||||||||||||||||||||||||d | ||
| 020 | _a8486153573 | ||
| 024 |
_2DL _aB116341985 |
||
| 040 |
_aCDMR _bcat _cCDMR |
||
| 100 | 1 |
_aGriffith, John L. _92378 |
|
| 245 | 1 | 0 |
_aQuiero ser periodista _cJohn L. Griffith |
| 260 |
_aBarcelona _c1985 _bMitre |
||
| 300 | _a205 p. | ||
| 654 |
_93772 _aPeriodisme--Manuals d'estil |
||
| 700 |
_94325 _aEdward G. Weston |
||
| 942 |
_cMON _2udc |
||
| 999 |
_c3285 _d3285 |
||